00525nam a2200169Ia 4500008004100000020001800041041000800059082001500067100001500082245002900097250000600126260003000132300001200162650003500174999001900209952012700228210716s2008 xx 000 0 und d a9788181282756 aeng a519.5 SHAJ aShao, Jun. aMathematical statistics. a2 aNew DelhibSpringerc2008 axvi,591 aStatistical Mathematics(519.5) c190300d190300 001040708MCAaAIMITbAIMITeCurrent Booksg895.00l0o519.5 SHAJpMCA09808r2025-07-21 00:00:00v644.40w2021-07-16yBK